000 00541nam a2200181Ia 4500
003 GCL
008 140319s9999 xx 000 0 ara d
040 _aGCL /
_cGCL
082 0 4 _a646.7
_bد ك
100 1 _aدار الراتب الجامعية
245 1 0 _aكيف تختارين حقيبتك وحزامك /
_cدار الراتب الجامعية
300 _a80 ص
490 _aموسوعة عالم المراة
_v0
650 0 4 _aالموضة
650 0 4 _aالاحزمة
650 0 4 _aالمرأة - تجميل
942 _2ddc
_cBK
999 _c46350
_d46350